[Event "WinterChess sub 2200 enero 2013"]
[Site "Palma de Mallorca ESP"]
[Date "2013.01.12"]
[Round "1.27"]
[White "Rossello Sanchez, Bartolome"]
[Black "Figuerola Campins, Antonio"]
[Result "0-1"]
[WhiteElo "1345"]
[BlackElo "1889"]
[PlyCount "100"]
[EventDate "2013.01.12"]
[EventType "swiss"]
[EventRounds "9"]
[EventCountry "ESP"]
[Source "lmi"]
[SourceDate "2013.01.12"]

1. d4 g6 2. e3 Bg7 3. Nf3 d5 4. h3 Nf6 5. c4 c6 6. b4 O-O 7. Bd3 dxc4 8. Bxc4
Nbd7 9. Nc3 Nb6 10. Bd3 Be6 11. Qe2 h6 12. Bd2 Nfd5 13. Nxd5 Nxd5 14. O-O Kh7
15. a4 Qd6 16. e4 Nf4 17. Qe3 Nxd3 18. Qxd3 Rfd8 19. Bc3 f5 20. e5 Bxe5 21.
Nxe5 Qxe5 22. dxe5 Rxd3 23. Bb2 Rad8 24. Rfe1 f4 25. f3 g5 26. a5 Rb3 27. Re2
Bc4 28. Rc2 Bb5 29. Kh2 Rdd3 30. Rf2 e6 31. Ra2 Kg6 32. Bc1 Rxb4 33. Ba3 Rb1
34. Rfd2 Rd1 35. Rxd1 Rxd1 36. Bd6 Rd5 37. Ra1 c5 38. Rc1 c4 39. Rc3 Kf7 40.
Rc1 Ke8 41. Rc2 Rd3 42. Rb2 Bc6 43. Rc2 Bd5 44. Bb4 Rb3 45. Bc5 b6 46. axb6
axb6 47. Bd4 b5 48. Bb2 b4 49. Bc1 Rb1 50. Bd2 c3 0-1

[Event "WinterChess sub 2200 enero 2013"]
[Site "Palma de Mallorca ESP"]
[Date "2013.01.13"]
[Round "2.1"]
[White "Bestard Borras, Miguel"]
[Black "Valls Casas, Jordi"]
[Result "1-0"]
[WhiteElo "2178"]
[BlackElo "2030"]
[PlyCount "117"]
[EventDate "2013.01.12"]
[EventType "swiss"]
[EventRounds "9"]
[EventCountry "ESP"]
[Source "lmi"]
[SourceDate "2013.01.12"]

1. e4 c6 2. c4 d5 3. cxd5 cxd5 4. exd5 Qxd5 5. Nc3 Qd6 6. d4 Nf6 7. g3 Bg4 8.
f3 Bd7 9. Nge2 e6 10. Bg2 Bc6 11. O-O Be7 12. a3 a5 13. Bf4 Qd7 14. Rc1 O-O 15.
Re1 Na6 16. Kh1 Nc7 17. Be3 Rfd8 18. Qb3 Ncd5 19. Bg1 Nxc3 20. Nxc3 Rac8 21.
Ne4 Nxe4 22. fxe4 Bg5 23. Rc5 a4 24. Qc2 h6 25. b4 axb3 26. Qxb3 Ba4 27. Qb6
Rxc5 28. Qxc5 Rc8 29. Qb6 Bc6 30. Rd1 Bd8 31. Qa7 Bf6 32. d5 exd5 33. exd5 b5
34. Rc1 Qxa7 35. Bxa7 Bd7 36. Rxc8+ Bxc8 37. Bc5 Bd7 38. Kg1 h5 39. h3 Be5 40.
Kf2 f5 41. Bf3 g6 42. Bd1 Kf7 43. Bb3 Kf6 44. Kf3 Bb2 45. Bf8 Kf7 46. Bd6 Kf6
47. h4 Be5 48. Bc5 Bb2 49. Ke3 Be5 50. Bd4 Bxd4+ 51. Kxd4 g5 52. hxg5+ Kxg5 53.
Bd1 h4 54. gxh4+ Kxh4 55. Ke5 Kg3 56. Kd6 Be8 57. Ke7 Bg6 58. d6 f4 59. d7 1-0

[Event "WinterChess sub 2200 enero 2013"]
[Site "Palma de Mallorca ESP"]
[Date "2013.01.13"]
[Round "2.2"]
[White "Juan Mas, Santiago"]
[Black "Gaya Llodra, Juan"]
[Result "0-1"]
[WhiteElo "2025"]
[BlackElo "2173"]
[PlyCount "126"]
[EventDate "2013.01.12"]
[EventType "swiss"]
[EventRounds "9"]
[EventCountry "ESP"]
[Source "lmi"]
[SourceDate "2013.01.12"]

1. e4 e6 2. d4 d5 3. Nc3 Nf6 4. Bg5 Be7 5. e5 Nfd7 6. Bxe7 Qxe7 7. f4 a6 8. Nf3
b6 9. Be2 c5 10. O-O Nc6 11. Kh1 Bb7 12. Qd2 O-O-O 13. b3 Kb8 14. Na4 f6 15. c3
fxe5 16. Nxe5 Ncxe5 17. fxe5 Rhf8 18. Nb2 Qh4 19. Qe3 g5 20. Rxf8 Rxf8 21. Rf1
Rf4 22. Rxf4 gxf4 23. Qd2 cxd4 24. cxd4 Qf2 25. Nd1 Qh4 26. Bf3 Nf8 27. Kg1 Ng6
28. Nf2 Ka7 29. a4 Qe7 30. b4 Qc7 31. Be2 Ne7 32. Nd3 Ng6 33. a5 Kb8 34. axb6
Qxb6 35. Nc5 Ka7 36. h3 Ne7 37. Kh2 Nc6 38. Nxe6 Nxe5 39. Nxf4 Nc4 40. Bxc4
dxc4 41. d5 Qf6 42. Qe3+ Qb6 43. Qc5 Qxc5 44. bxc5 c3 45. c6 c2 46. Ne2 Ba8 47.
g4 Kb6 48. h4 Kc5 49. g5 Kxd5 50. h5 Ke5 51. g6 hxg6 52. h6 Kf6 53. c7 Bb7 54.
Kg3 Bc8 55. Kf4 g5+ 56. Ke4 Kg6 57. Kd3 Kxh6 58. Kxc2 g4 59. Kd2 Kg5 60. Ke1
Kf5 61. Kf2 Ke5 62. Kg3 Kd6 63. Nc3 Kxc7 0-1

[Event "WinterChess sub 2200 enero 2013"]
[Site "Palma de Mallorca ESP"]
[Date "2013.01.13"]
[Round "2.3"]
[White "Shen, Yue"]
[Black "Gromovs, Sergejs"]
[Result "1-0"]
[WhiteElo "2150"]
[BlackElo "2001"]
[PlyCount "64"]
[EventDate "2013.01.12"]
[EventType "swiss"]
[EventRounds "9"]
[EventCountry "ESP"]
[Source "lmi"]
[SourceDate "2013.01.12"]

1. d4 Nf6 2. c4 g6 3. Nf3 Bg7 4. g3 O-O 5. Bg2 d6 6. Nc3 Nc6 7. O-O a6 8. Qd3
Bf5 9. e4 Bg4 10. Ne1 e5 11. d5 Nd4 12. h3 Bd7 13. f4 b5 14. cxb5 axb5 15. fxe5
dxe5 16. Ne2 c5 17. Nxd4 cxd4 18. Bd2 Qb6 19. Qb3 Ne8 20. a4 Nd6 21. a5 Qa7 22.
Bb4 Nc4 23. Bxf8 Rxf8 24. Rf2 Bh6 25. Kh2 Be3 26. Rc2 h5 27. Nf3 g5 28. h4 g4
29. Ne1 f5 30. exf5 Rxf5 31. Nd3 Rf8 32. Ne1 Qc7 1-0

[Event "WinterChess sub 2200 enero 2013"]
[Site "Palma de Mallorca ESP"]
[Date "2013.01.13"]
[Round "2.4"]
[White "Sanchez Fernandez, Jose Joaqui"]
[Black "Martinez Vicario, Jose Maria"]
[Result "1/2-1/2"]
[WhiteElo "1989"]
[BlackElo "2131"]
[PlyCount "116"]
[EventDate "2013.01.12"]
[EventType "swiss"]
[EventRounds "9"]
[EventCountry "ESP"]
[Source "lmi"]
[SourceDate "2013.01.12"]

1. c4 e5 2. g3 g6 3. Bg2 Bg7 4. Nc3 d6 5. d3 Nc6 6. e4 Be6 7. Nge2 Qd7 8. h3
Nge7 9. Be3 f5 10. Qd2 Nd4 11. Bxd4 exd4 12. Nb5 fxe4 13. Nexd4 Bf7 14. dxe4
Bxc4 15. Na3 Bf7 16. O-O O-O 17. Rfd1 Rae8 18. Nb1 Nc6 19. Nxc6 bxc6 20. Nc3
Be6 21. Kh2 Rb8 22. f4 Qe7 23. b3 h5 24. h4 Bg4 25. Rf1 Qd7 26. Rae1 Rf7 27.
Nd1 Be6 28. Ne3 Rb5 29. Nc2 c5 30. Na3 Rb4 31. Nc2 Rb6 32. Ne3 Bh6 33. Nd5 Rb8
34. Rd1 Qe8 35. Qc2 Bg7 36. Nc3 c4 37. bxc4 Bxc4 38. Rfe1 Re7 39. Ne2 Bf7 40.
Nd4 c5 41. Nb3 Rb6 42. Rb1 Qa4 43. e5 dxe5 44. Qxc5 Qd7 45. Rbd1 Qc7 46. Qxc7
Rxc7 47. Rd8+ Kh7 48. fxe5 Re7 49. Red1 Rxe5 50. R8d7 Be6 51. Rxa7 Re2 52. Kh1
Kh6 53. Nc1 Rb1 54. Nxe2 Rxd1+ 55. Kh2 Rd2 56. Nf4 Bf5 57. Re7 Rxa2 58. Re2 Ra1
1/2-1/2

[Event "WinterChess sub 2200 enero 2013"]
[Site "Palma de Mallorca ESP"]
[Date "2013.01.13"]
[Round "2.5"]
[White "Vallespir Salor, Gabriel"]
[Black "Crespi Lopez, Juan"]
[Result "1/2-1/2"]
[WhiteElo "2102"]
[BlackElo "1972"]
[PlyCount "92"]
[EventDate "2013.01.12"]
[EventType "swiss"]
[EventRounds "9"]
[EventCountry "ESP"]
[Source "lmi"]
[SourceDate "2013.01.12"]

1. c4 Nf6 2. Nf3 g6 3. g3 Bg7 4. Bg2 O-O 5. O-O d6 6. Nc3 Nc6 7. d3 e5 8. Rb1
a5 9. a3 h6 10. b4 axb4 11. axb4 Be6 12. b5 Ne7 13. Bb2 Qd7 14. Qc2 Bh3 15. Ra1
Bxg2 16. Kxg2 Rab8 17. e3 Nh5 18. d4 exd4 19. Nxd4 f5 20. Nd5 Nxd5 21. cxd5
Bxd4 22. Bxd4 Qxb5 23. e4 Qd7 24. Ra7 Qf7 25. Rc1 fxe4 26. Qxc7 Qxd5 27. Be3 g5
28. Ra5 Qf7 29. Qxd6 Rbd8 30. Qxh6 Qf3+ 31. Kh3 g4+ 32. Kh4 Ng7 33. Rg5 Qf7 34.
Rc4 Rd5 35. Rxe4 Rfd8 36. Rexg4 Rxg5 37. Qxg5 Rd5 38. Qxg7+ Qxg7 39. Rxg7+ Kxg7
40. Kg4 b5 41. Kf4 b4 42. Ke4 Rb5 43. Bd4+ Kg6 44. f4 b3 45. Bb2 Rc5 46. Kd3
Rc2 1/2-1/2

[Event "WinterChess sub 2200 enero 2013"]
[Site "Palma de Mallorca ESP"]
[Date "2013.01.13"]
[Round "2.6"]
[White "Guerreiro, Nuno"]
[Black "Cerdo Fernandez, Miguel"]
[Result "1-0"]
[WhiteElo "2085"]
[BlackElo "1946"]
[PlyCount "75"]
[EventDate "2013.01.12"]
[EventType "swiss"]
[EventRounds "9"]
[EventCountry "ESP"]
[Source "lmi"]
[SourceDate "2013.01.12"]

1. Nf3 Nf6 2. g3 g6 3. Bg2 Bg7 4. O-O O-O 5. c4 d6 6. Nc3 Nc6 7. d3 e5 8. Rb1
Be6 9. Ng5 Rb8 10. Nxe6 fxe6 11. Bh3 Qe7 12. b4 Nd8 13. Be3 a6 14. Qd2 c6 15.
Ne4 Nf7 16. Ng5 Nxg5 17. Bxg5 Qf7 18. f4 exf4 19. Qxf4 e5 20. Qh4 Qe7 21. Rf3
e4 22. dxe4 Qxe4 23. Rbf1 Qxh4 24. gxh4 Ne4 25. Rxf8+ Rxf8 26. Be6+ Kh8 27.
Rxf8+ Bxf8 28. Bd8 Kg7 29. Bb6 Kf6 30. Bc8 d5 31. Bd4+ Kf7 32. c5 a5 33. a3
axb4 34. axb4 Ke7 35. Bxb7 Kd7 36. Kg2 Be7 37. Kh3 Bf6 38. Be3 1-0

[Event "WinterChess sub 2200 enero 2013"]
[Site "Palma de Mallorca ESP"]
[Date "2013.01.13"]
[Round "2.7"]
[White "Nadal Marti, Bernardo Pedro"]
[Black "Ponce Cano, Adrian"]
[Result "0-1"]
[WhiteElo "1941"]
[BlackElo "2078"]
[PlyCount "50"]
[EventDate "2013.01.12"]
[EventType "swiss"]
[EventRounds "9"]
[EventCountry "ESP"]
[Source "lmi"]
[SourceDate "2013.01.12"]

1. d4 d5 2. c4 e6 3. Nc3 c5 4. e3 Nf6 5. Nf3 Nc6 6. Bd3 Be7 7. O-O O-O 8. a3 a6
9. cxd5 exd5 10. h3 Re8 11. dxc5 Bxc5 12. b4 Bd6 13. Bb2 Ne5 14. Nd4 Bd7 15.
Qd2 Qe7 16. Rfd1 g6 17. Rac1 Rad8 18. Be2 Bc8 19. Nf3 Be6 20. Qd4 Bd7 21. Nxd5
Nxd5 22. Qxd5 Bc6 23. Rxc6 bxc6 24. Qa5 Bc7 25. Qxa6 Ra8 0-1

[Event "WinterChess sub 2200 enero 2013"]
[Site "Palma de Mallorca ESP"]
[Date "2013.01.13"]
[Round "2.8"]
[White "Munar Rossello, Pedro"]
[Black "Aguilo Pons, Francesc"]
[Result "1-0"]
[WhiteElo "2076"]
[BlackElo "1944"]
[PlyCount "75"]
[EventDate "2013.01.12"]
[EventType "swiss"]
[EventRounds "9"]
[EventCountry "ESP"]
[Source "lmi"]
[SourceDate "2013.01.12"]

1. e4 c5 2. Nc3 Nc6 3. f4 d6 4. Nf3 Nf6 5. Bc4 e6 6. d3 Be7 7. O-O O-O 8. a4 d5
9. Ba2 Nb4 10. e5 Ne8 11. Bb1 g6 12. d4 b6 13. Ne2 Ba6 14. c3 Nc6 15. Rf2 Rc8
16. Be3 Ng7 17. g4 Qd7 18. Ng3 cxd4 19. Bxd4 Bc5 20. Qd2 Bxd4 21. cxd4 f5 22.
exf6 Rxf6 23. b4 Nxb4 24. Qxb4 Rxf4 25. Ne5 Rc1+ 26. Kg2 Rxf2+ 27. Kxf2 Qd8 28.
Qd2 Qc7 29. Qf4 Ne8 30. Kg2 Nd6 31. Qf6 Bc8 32. Nh5 gxh5 33. Bxh7+ Kxh7 34.
Qg6+ Kh8 35. Qxh5+ Kg8 36. Qg6+ Kf8 37. Qh6+ Kg8 38. Rxc1 1-0

[Event "WinterChess sub 2200 enero 2013"]
[Site "Palma de Mallorca ESP"]
[Date "2013.01.13"]
[Round "2.9"]
[White "Oliver Amengual, Adria"]
[Black "Bergas Ferriol, Jeronimo"]
[Result "1-0"]
[WhiteElo "1931"]
[BlackElo "2050"]
[PlyCount "57"]
[EventDate "2013.01.12"]
[EventType "swiss"]
[EventRounds "9"]
[EventCountry "ESP"]
[Source "lmi"]
[SourceDate "2013.01.12"]

1. e4 c5 2. Nf3 Nc6 3. d4 cxd4 4. Nxd4 Nf6 5. Nc3 e5 6. Ndb5 d6 7. Bg5 a6 8.
Na3 b5 9. Nd5 Be7 10. Bxf6 Bxf6 11. c3 Bg5 12. Nc2 Be6 13. a4 Rb8 14. axb5 axb5
15. h4 Be7 16. Ra6 Bd7 17. Nce3 O-O 18. Nf5 Re8 19. Ndxe7+ Rxe7 20. Nxe7+ Qxe7
21. Qd5 Qe8 22. Bxb5 Rxb5 23. Qxb5 Nb8 24. Qb6 Nxa6 25. Qxa6 Bb5 26. Qxd6 Qa8
27. Kd2 h6 28. Qxe5 Bc6 29. f3 1-0

[Event "WinterChess sub 2200 enero 2013"]
[Site "Palma de Mallorca ESP"]
[Date "2013.01.13"]
[Round "2.10"]
[White "Schenk Papke, Andres"]
[Black "Fiol Company, Juan"]
[Result "1-0"]
[WhiteElo "2046"]
[BlackElo "1935"]
[PlyCount "77"]
[EventDate "2013.01.12"]
[EventType "swiss"]
[EventRounds "9"]
[EventCountry "ESP"]
[Source "lmi"]
[SourceDate "2013.01.12"]

1. e4 c5 2. Nf3 d6 3. d4 cxd4 4. Nxd4 Nf6 5. Nc3 g6 6. Be3 Bg7 7. f3 O-O 8. Qd2
Nc6 9. O-O-O d5 10. Qe1 e5 11. Nxc6 bxc6 12. exd5 cxd5 13. Bg5 Be6 14. Bc4 Qc7
15. Bxf6 Bxf6 16. Bxd5 Rab8 17. Bxe6 fxe6 18. Rd3 Rfc8 19. h4 Qa5 20. Ne4 Qxe1+
21. Rxe1 Bxh4 22. g3 Bd8 23. Rd7 Rc7 24. Nf6+ Bxf6 25. Rxc7 e4 26. Rxe4 Bxb2+
27. Kd2 Rd8+ 28. Ke2 e5 29. c3 Ba3 30. Rxa7 Bd6 31. g4 Rb8 32. Kd3 Rb1 33. Rd7
Rb6 34. Ra4 Bf8 35. Ra8 Rf6 36. Ke3 h5 37. gxh5 gxh5 38. Re8 Rh6 39. Rdd8 1-0

[Event "WinterChess sub 2200 enero 2013"]
[Site "Palma de Mallorca ESP"]
[Date "2013.01.13"]
[Round "2.11"]
[White "Figuerola Campins, Antonio"]
[Black "Torres Tur, Juan"]
[Result "0-1"]
[WhiteElo "1889"]
[BlackElo "2045"]
[PlyCount "88"]
[EventDate "2013.01.12"]
[EventType "swiss"]
[EventRounds "9"]
[EventCountry "ESP"]
[Source "lmi"]
[SourceDate "2013.01.12"]

1. e4 c5 2. Nf3 d6 3. d4 cxd4 4. Nxd4 Nf6 5. Nc3 g6 6. f3 Bg7 7. Be3 O-O 8. Bc4
Nc6 9. Qd2 Bd7 10. h4 Rc8 11. Bb3 h5 12. O-O-O Ne5 13. Bh6 Nc4 14. Bxc4 Rxc4
15. Bxg7 Kxg7 16. Qg5 Rc5 17. Nd5 Nxd5 18. exd5 f6 19. Qe3 Rxd5 20. Qb3 Rc5 21.
Qxb7 Qc7 22. Qxc7 Rxc7 23. Rhe1 Kf7 24. Re2 Rfc8 25. c3 a5 26. Red2 a4 27. a3
Rc4 28. g3 g5 29. hxg5 fxg5 30. Rh1 Kg6 31. Rdh2 Rxd4 32. Rxh5 Rd3 33. Rh6+ Kf5
34. Rh7 Rxf3 35. Rxe7 Be6 36. g4+ Kf6 37. Reh7 Bxg4 38. R1h6+ Ke5 39. Rg7 Rf1+
40. Kd2 Kf4 41. Rf6+ Bf5 42. Rxd6 Rf2+ 43. Ke1 Rxb2 44. Rd4+ Ke5 0-1

[Event "WinterChess sub 2200 enero 2013"]
[Site "Palma de Mallorca ESP"]
[Date "2013.01.13"]
[Round "2.12"]
[White "Llorens Hofman, Ivan"]
[Black "Oliver Marquet, Juan"]
[Result "1/2-1/2"]
[WhiteElo "2036"]
[BlackElo "1857"]
[PlyCount "36"]
[EventDate "2013.01.12"]
[EventType "swiss"]
[EventRounds "9"]
[EventCountry "ESP"]
[Source "lmi"]
[SourceDate "2013.01.12"]

1. d4 d5 2. Nf3 c6 3. c4 dxc4 4. Nc3 Nd7 5. a4 a5 6. g3 Nb6 7. Bg2 Nf6 8. O-O
g6 9. Bf4 Bg7 10. Ne5 Bd7 11. e3 O-O 12. Qe2 Nh5 13. Nxc4 Nxf4 14. gxf4 Nxc4
15. Qxc4 Qb6 16. Ne4 Be6 17. Qc5 Qd8 18. Ng3 Qd6 1/2-1/2

[Event "WinterChess sub 2200 enero 2013"]
[Site "Palma de Mallorca ESP"]
[Date "2013.01.13"]
[Round "2.13"]
[White "Moya Pol, Antonio"]
[Black "Planas Gene, Juan"]
[Result "0-1"]
[WhiteElo "1854"]
[BlackElo "2109"]
[PlyCount "56"]
[EventDate "2013.01.12"]
[EventType "swiss"]
[EventRounds "9"]
[EventCountry "ESP"]
[Source "lmi"]
[SourceDate "2013.01.12"]

1. c4 Nf6 2. Nc3 g6 3. g3 Bg7 4. Bg2 O-O 5. Nf3 d6 6. O-O Nbd7 7. d3 e5 8. b4
e4 9. Ng5 Ng4 10. d4 e3 11. Nh3 Nxf2 12. Nxf2 exf2+ 13. Rxf2 c5 14. bxc5 dxc5
15. e3 Nb6 16. Qd3 cxd4 17. Nd5 dxe3 18. Rb2 Re8 19. Qe2 Nxd5 20. cxd5 Qf6 21.
Rab1 Qf2+ 22. Qxf2 exf2+ 23. Rxf2 Bd4 24. Bf4 Re2 25. Rbf1 Rxa2 26. Be5 Bb6 27.
d6 Bd7 28. Bxb7 Re8 0-1

[Event "WinterChess sub 2200 enero 2013"]
[Site "Palma de Mallorca ESP"]
[Date "2013.01.13"]
[Round "2.14"]
[White "Alemany Ramon, Angel"]
[Black "Queirolo Perez, Manuel"]
[Result "0-1"]
[WhiteElo "1394"]
[BlackElo "2096"]
[PlyCount "34"]
[EventDate "2013.01.12"]
[EventType "swiss"]
[EventRounds "9"]
[EventCountry "ESP"]
[Source "lmi"]
[SourceDate "2013.01.12"]

1. d4 Nf6 2. Nf3 c5 3. Bf4 cxd4 4. Nxd4 e5 5. Bxe5 Qa5+ 6. c3 Qxe5 7. Nf3 Qc7
8. e3 d5 9. Nbd2 Bd6 10. Be2 O-O 11. c4 dxc4 12. Nxc4 Bb4+ 13. Ncd2 Rd8 14. Rc1
Qa5 15. O-O Nc6 16. a3 Bxd2 17. Nxd2 Qxd2 0-1

[Event "WinterChess sub 2200 enero 2013"]
[Site "Palma de Mallorca ESP"]
[Date "2013.01.13"]
[Round "2.15"]
[White "Carranza Pons, Ricardo Nelson"]
[Black "Prill, Gerhard"]
[Result "0-1"]
[WhiteElo "1741"]
[BlackElo "2056"]
[PlyCount "84"]
[EventDate "2013.01.12"]
[EventType "swiss"]
[EventRounds "9"]
[EventCountry "ESP"]
[Source "lmi"]
[SourceDate "2013.01.12"]

1. d4 Nf6 2. Bf4 e6 3. e3 d5 4. Nf3 c5 5. c3 Nc6 6. Nbd2 Bd6 7. Ne5 Qc7 8. Ndf3
O-O 9. Bd3 b6 10. Rc1 Bb7 11. O-O h6 12. Bg3 Ne4 13. Nxc6 Nxg3 14. hxg3 Bxc6
15. Nh2 f5 16. f4 Qd7 17. Qh5 Qf7 18. Qxf7+ Rxf7 19. Nf3 Rc7 20. Kf2 b5 21. Ne5
Be8 22. Be2 Rb8 23. Rc2 Rb6 24. Rfc1 c4 25. g4 a5 26. gxf5 Bxe5 27. fxe5 Rf7
28. Bf3 Rxf5 29. Ke2 Bc6 30. Bg4 Rg5 31. Bxe6+ Kf8 32. Rf1+ Ke7 33. Bh3 Be8 34.
Ke1 b4 35. Rff2 Bg6 36. Rcd2 a4 37. cxb4 Rxb4 38. Kd1 Rg3 39. Kc1 Rxe3 40. Rfe2
Rg3 41. e6 a3 42. bxa3 Rb1# 0-1

[Event "WinterChess sub 2200 enero 2013"]
[Site "Palma de Mallorca ESP"]
[Date "2013.01.13"]
[Round "2.16"]
[White "Trillo-Figueroa Vidal, Antonio"]
[Black "Asensio Ramos, Enrique Fernando"]
[Result "0-1"]
[WhiteElo "1743"]
[BlackElo "1904"]
[PlyCount "104"]
[EventDate "2013.01.12"]
[EventType "swiss"]
[EventRounds "9"]
[EventCountry "ESP"]
[Source "lmi"]
[SourceDate "2013.01.12"]

1. e4 Nf6 2. e5 Nd5 3. d4 d6 4. c4 Nb6 5. f4 dxe5 6. fxe5 c5 7. d5 g6 8. Nf3
Bg7 9. Bf4 O-O 10. Be2 Bg4 11. Nbd2 N8d7 12. h3 Bxf3 13. Nxf3 Qb8 14. O-O Nxe5
15. Nxe5 Bxe5 16. Bxe5 Qxe5 17. b3 e6 18. Bf3 exd5 19. Re1 Qg5 20. cxd5 Rad8
21. d6 Qf6 22. Bxb7 Rxd6 23. Qc2 Qg5 24. Rad1 Rfd8 25. Rxd6 Rxd6 26. Qc3 Rd4
27. Re8+ Kg7 28. Re4 Qd2 29. Qxd2 Rxd2 30. Re5 Rc2 31. a4 Kf6 32. Re3 a5 33.
Rf3+ Ke6 34. g4 f5 35. Re3+ Kf6 36. gxf5 gxf5 37. Bg2 c4 38. bxc4 Rxc4 39. Rb3
Rb4 40. Rc3 Rc4 41. Rb3 Nxa4 42. Rb5 Rc5 43. Rb7 h5 44. Ra7 h4 45. Rh7 Kg5 46.
Rg7+ Kf4 47. Rh7 Kg5 48. Rg7+ Kh6 49. Ra7 Nc3 50. Ra6+ Kg5 51. Ra8 a4 52. Rg8+
Kf4 0-1

[Event "WinterChess sub 2200 enero 2013"]
[Site "Palma de Mallorca ESP"]
[Date "2013.01.13"]
[Round "2.17"]
[White "Nadal Tur, Antonio"]
[Black "Nadal Bestard, Sebastia"]
[Result "0-1"]
[WhiteElo "1706"]
[BlackElo "1852"]
[PlyCount "46"]
[EventDate "2013.01.12"]
[EventType "swiss"]
[EventRounds "9"]
[EventCountry "ESP"]
[Source "lmi"]
[SourceDate "2013.01.12"]

1. e4 e5 2. Nf3 d6 3. d4 exd4 4. Nxd4 Nf6 5. Nc3 Be7 6. Be3 O-O 7. Qd2 c6 8. f3
Qc7 9. O-O-O a6 10. g4 b5 11. Nf5 Bxf5 12. gxf5 Rd8 13. Rg1 d5 14. exd5 Nxd5
15. Qg2 Qe5 16. Bd4 Qf4+ 17. Rd2 g6 18. fxg6 fxg6 19. Qh3 Qf7 20. Bd3 Nf4 21.
Rxg6+ Qxg6 22. Bb6 Qg1+ 23. Qf1 Nxd3+ 0-1

[Event "WinterChess sub 2200 enero 2013"]
[Site "Palma de Mallorca ESP"]
[Date "2013.01.13"]
[Round "2.18"]
[White "Serralta Font, Carles"]
[Black "Gimenez Garcia, Emilio"]
[Result "0-1"]
[WhiteElo "1373"]
[BlackElo "1840"]
[PlyCount "63"]
[EventDate "2013.01.12"]
[EventType "swiss"]
[EventRounds "9"]
[EventCountry "ESP"]
[Source "lmi"]
[SourceDate "2013.01.12"]

1. e4 c6 2. Nf3 d5 3. e5 e6 4. d4 c5 5. c3 Bd7 6. Be2 Nc6 7. O-O Nge7 8. Bg5 h6
9. Bh4 g5 10. Bg3 Nf5 11. Ne1 cxd4 12. Nd3 Qb6 13. Qd2 h5 14. Qxg5 Be7 15. Qd2
O-O-O 16. Bf4 Rdg8 17. a3 Rg7 18. cxd4 Ncxd4 19. Rc1+ Kb8 20. Qd1 Rhg8 21. g3
h4 22. Kg2 hxg3 23. hxg3 Nxe2 24. Qxe2 Nd4 25. Qe3 Nb3 26. Nc3 Nxc1 27. Qxc1
Bc6 28. Kf1 Rh7 29. Ke2 d4 30. Na2 Re8 31. Kd2 Bb5 32. Ne1 0-1

[Event "WinterChess sub 2200 enero 2013"]
[Site "Palma de Mallorca ESP"]
[Date "2013.01.13"]
[Round "2.19"]
[White "Rubert Cabrillana, Antonio"]
[Black "Perez Prieto, German"]
[Result "0-1"]
[WhiteElo "1297"]
[BlackElo "1839"]
[PlyCount "40"]
[EventDate "2013.01.12"]
[EventType "swiss"]
[EventRounds "9"]
[EventCountry "ESP"]
[Source "lmi"]
[SourceDate "2013.01.12"]

1. e4 d5 2. f3 e5 3. g3 Nf6 4. d3 dxe4 5. fxe4 Bc5 6. Be2 Qd4 7. Nf3 Qf2+ 8.
Kd2 Be3+ 9. Kc3 Bxc1 10. Nxe5 Qc5+ 11. Nc4 Be3 12. b4 Qd4+ 13. Kb3 Be6 14. Nc3
a5 15. Nb5 Qb6 16. Ka4 axb4+ 17. Kxb4 Qc5+ 18. Kc3 Bxc4 19. dxc4 Ra3+ 20. Nxa3
Qxa3# 0-1

[Event "WinterChess sub 2200 enero 2013"]
[Site "Palma de Mallorca ESP"]
[Date "2013.01.13"]
[Round "2.21"]
[White "Oliver Font, Jose Luis"]
[Black "Rubert Alfonso, Victor"]
[Result "1-0"]
[WhiteElo "1838"]
[BlackElo "1591"]
[PlyCount "75"]
[EventDate "2013.01.12"]
[EventType "swiss"]
[EventRounds "9"]
[EventCountry "ESP"]
[Source "lmi"]
[SourceDate "2013.01.12"]

1. e4 e5 2. Nf3 Nc6 3. Bb5 a6 4. Ba4 Bc5 5. c3 Nf6 6. Qe2 Qe7 7. O-O O-O 8. d3
h6 9. h3 b5 10. Bb3 d6 11. Rd1 Re8 12. Nbd2 Bb7 13. Nf1 b4 14. Be3 bxc3 15.
Bxc5 cxb2 16. Qxb2 dxc5 17. Bxf7+ Qxf7 18. Qxb7 Qd7 19. Qb3+ Kh8 20. Ne3 Nd4
21. Nxd4 cxd4 22. Nc4 Qb5 23. Qc2 Qc5 24. Rab1 Nd7 25. Qd2 a5 26. Rdc1 Qa7 27.
Rb5 a4 28. Qc2 Qa6 29. Ra5 Qc6 30. Qd2 Rxa5 31. Nxa5 Qb6 32. Nc4 Qa6 33. Rb1
Nc5 34. Qc2 a3 35. Qe2 Kh7 36. Qf3 Re6 37. Qf5+ Kg8 38. Rb8+ 1-0

[Event "WinterChess sub 2200 enero 2013"]
[Site "Palma de Mallorca ESP"]
[Date "2013.01.13"]
[Round "2.22"]
[White "Cristea, Adrian"]
[Black "Fullana Benito, David"]
[Result "0-1"]
[WhiteElo "1582"]
[BlackElo "1825"]
[PlyCount "98"]
[EventDate "2013.01.12"]
[EventType "swiss"]
[EventRounds "9"]
[EventCountry "ESP"]
[Source "lmi"]
[SourceDate "2013.01.12"]

1. d4 d5 2. c4 e6 3. e3 Nf6 4. c5 Be7 5. Bd3 c6 6. Nc3 a5 7. Nf3 b6 8. Na4 bxc5
9. dxc5 Nbd7 10. Qc2 e5 11. Bf5 Ba6 12. b3 Bb5 13. Bb2 e4 14. Bxd7+ Nxd7 15.
Nd4 Bxa4 16. bxa4 Ne5 17. O-O O-O 18. f4 exf3 19. Nxf3 Nc4 20. Bd4 Bg5 21. Qc3
Bh6 22. Rae1 f5 23. Nd2 Nxd2 24. Qxd2 Qc7 25. Rf3 Rae8 26. Ref1 g6 27. Qd3 Re4
28. Rh3 Bg7 29. Rhf3 Rfe8 30. Qc3 Bh6 31. Rg3 Rf8 32. Rgf3 Rh4 33. Be5 Qa7 34.
Bd6 Re8 35. Qf6 Rxa4 36. Kh1 Bg7 37. Qg5 Rg4 38. Qxg4 fxg4 39. Rf4 Qa6 40. Rb1
Qd3 41. Rff1 h5 42. Bf4 h4 43. Rfd1 Qe4 44. Kg1 h3 45. gxh3 gxh3 46. Kf2 Be5
47. Bxe5 Qg2+ 48. Ke1 Rxe5 49. Rb3 Rf5 0-1

[Event "WinterChess sub 2200 enero 2013"]
[Site "Palma de Mallorca ESP"]
[Date "2013.01.13"]
[Round "2.23"]
[White "Ballester Cladera, Antonio"]
[Black "Mateu Mir, Gabriel"]
[Result "1-0"]
[WhiteElo "1787"]
[BlackElo "1552"]
[PlyCount "73"]
[EventDate "2013.01.12"]
[EventType "swiss"]
[EventRounds "9"]
[EventCountry "ESP"]
[Source "lmi"]
[SourceDate "2013.01.12"]

1. e4 d5 2. e5 e6 3. d4 Bb4+ 4. Bd2 Bxd2+ 5. Nxd2 Ne7 6. Ngf3 O-O 7. Bd3 Ng6 8.
g3 Nc6 9. c3 Nce7 10. h4 b6 11. Ng5 h6 12. Nh3 c5 13. h5 Nh8 14. g4 f6 15. Nf3
Nc6 16. Bc2 Ba6 17. Qd2 cxd4 18. cxd4 Nf7 19. Nf4 Re8 20. Ng6 Ng5 21. Nxg5 fxg5
22. O-O-O Ne7 23. Rh3 Nxg6 24. Bxg6 Rf8 25. Rc3 Rc8 26. Rxc8 Qxc8+ 27. Kb1 Rf4
28. Rc1 Qd7 29. Rc3 Qa4 30. Ra3 Qc4 31. Bd3 Rxd4 32. Bxc4 Rxd2 33. Bxa6 Rxf2
34. Bc8 Rf1+ 35. Kc2 Rf2+ 36. Kd1 a5 37. Bxe6+ 1-0

[Event "WinterChess sub 2200 enero 2013"]
[Site "Palma de Mallorca ESP"]
[Date "2013.01.13"]
[Round "2.24"]
[White "Castell Cantero, Jose Juan"]
[Black "Terradas Calafell, Jaume"]
[Result "0-1"]
[WhiteElo "1530"]
[BlackElo "1784"]
[PlyCount "51"]
[EventDate "2013.01.12"]
[EventType "swiss"]
[EventRounds "9"]
[EventCountry "ESP"]
[Source "lmi"]
[SourceDate "2013.01.12"]

1. e4 e6 2. d4 d5 3. Nc3 Nf6 4. e5 Nfd7 5. f4 c5 6. Nf3 Nc6 7. Be3 Qb6 8. Na4
Qa5+ 9. c3 cxd4 10. Nxd4 Nxd4 11. Qxd4 b5 12. Bxb5 Qxb5 13. b3 Ba6 14. Qd2 Nc5
15. Nb2 Ne4 16. c4 Qb4 17. Qxb4 Bxb4+ 18. Kd1 d4 19. Bg1 Bc3 20. Rb1 f6 21. Nd3
O-O 22. Ke2 fxe5 23. fxe5 Ba5 24. Bxd4 Rad8 25. Bb2 Bc3 26. Bc1 0-1